| 000 | 00921nam a2200289Ia 4500 | ||
|---|---|---|---|
| 001 | Z_2354 | ||
| 003 | CHAP | ||
| 008 | 220113s1994 xx 000 0 und d | ||
| 010 | _a165411 | ||
| 040 | _cCHAP | ||
| 090 | _aTesis C 864 | ||
| 100 |
_aCastillo Alfaro, Juan _920075 |
||
| 245 |
_aEfecto de la levadura Torula (Candida utilis) en cerdos alimentados con escamocha en la etapa de finalización / _cpor Juan Castillo Alfaro y José Duarte Arreola |
||
| 260 |
_aChapingo, Méx. : _bEl autor, _c1994 |
||
| 300 | _a80 h. | ||
| 502 | _aTesis (Ing. Agr. Esp. en Zootecnia) -- UACH. Departamento de Zootecnia | ||
| 650 |
_aCandida utilis _918340 |
||
| 650 |
_aGanado porcino _xAlimentación _945329 |
||
| 650 |
_aLevadura en alimentación animal _9139292 |
||
| 700 |
_aDuarte Arreola, José _934288 |
||
| 901 | _aTESIS C 864 | ||
| 902 | _aM | ||
| 910 | _a1994 | ||
| 942 | _c2 | ||
| 942 | _c2 | ||
| 999 |
_c165411 _d165411 |
||